[Event "Oberfranken-ch"]
[Site "Schney"]
[Date "2015.01.04"]
[Round "4"]
[White "Schulz, Siegfried"]
[Black "Reimesch, Christian"]
[Result "1-0"]
[WhiteElo "2009"]
[BlackElo "1316"]
[PlyCount "97"]
[EventDate "2015.01.03"]
[EventType "swiss"]
[EventRounds "7"]
[EventCountry "GER"]
[SourceTitle "CBM 164 Extra"]
[Source "ChessBase"]
[SourceDate "2015.03.02"]
[SourceVersion "1"]
[SourceVersionDate "2015.03.02"]
[SourceQuality "1"]

1. d4 d5 2. Nf3 e6 3. e3 Bd6 4. Bd3 c5 5. c3 c4 6. Bc2 Nf6 7. Ne5 Nbd7 8. f4 b6 9. 0-0 Bb7 10. Nd2 0-0 11. Qf3 a5 12. Ndxc4 Bxe5 13. Nxe5 Ne4 14. Qe2 Ba6 15. Bd3 Bxd3 16. Nxd3 f5 17. Bd2 Ndf6 18. Rf3 Ra7 19. Ne5 Qc8 20. a4 Nd7 21. Rff1 Nxe5 22. dxe5 Qc4 23. Rfe1 Qxe2 24. Rxe2 h6 25. Be1 g5 26. b4 axb4 27. cxb4 g4 28. Rc2 Rb7 29. Rc6 Re8 30. Rac1 Ra7 31. a5 bxa5 32. bxa5 Kf7 33. a6 Ke7 34. Rc7+ Rxc7 35. Rxc7+ Kd8 36. Ba5 Re7 37. Rxe7+ Kxe7 38. a7 g3 39. hxg3 Nxg3 40. a8Q h5 41. Qd8+ Kf7 42. Qf6+ Kg8 43. Qxe6+ Kg7 44. Qf6+ Kh7 45. e6 Ne2+ 46. Kh2 h4 47. e7 Ng3 48. e8Q Nh5 49. Qfg6# 1-0